it's time to go - Taylor Swift (All Lyrics) - Statistics

General Stats
  • This quiz has been taken 759 times
  • The average score is 308 of 368
Answer Stats
Answer % Correct
I
100%
a
99%
the
99%
The
99%
go
98%
to
98%
You
98%
you
98%
it
97%
it's
97%
time
97%
When
97%
when
97%
in
95%
is
95%
So
95%
that
95%
That
95%
know
94%
your
94%
he
93%
who
93%
and
92%
And
92%
Then
92%
then
92%
of
91%
at
90%
not
88%
Not
88%
on
88%
old
87%
was
87%
for
85%
me
85%
cold
84%
gets
84%
she
84%
Sometimes
84%
thing
84%
like
83%
my
83%
soul
83%
will
83%
brave
82%
from
82%
he's
82%
He's
82%
right
82%
body
81%
familiar
81%
run
81%
dinner
80%
back
79%
come
79%
sister
79%
ache
78%
but
78%
friends
78%
Look
78%
up
78%
ask
77%
little
77%
words
77%
break
76%
each
76%
one
76%
other
76%
years
76%
same
75%
twin
75%
giving
74%
strong
74%
yours
74%
got
73%
all
72%
son
72%
whispers
72%
boss
71%
out
71%
dreams
70%
caught
69%
chatter
69%
Fifteen
69%
fifteen
69%
find
69%
job
69%
million
69%
tab
69%
tears
69%
I've
68%
nothing
68%
what
68%
why
68%
gave
67%
insisting
67%
crook
66%
past
66%
She's
66%
again
65%
breaks
65%
fact
65%
left
65%
spot
65%
his
64%
prove
64%
snaps
64%
walking
64%
behind
63%
frozen
63%
knees
63%
moment
63%
only
63%
glass
62%
how
62%
Twenty
61%
kids
60%
Now
60%
Begging
59%
just
59%
their
59%
til
59%
wondered
59%
hearts
58%
seemed
58%
stay
58%
bones
57%
worse
57%
sits
56%
palace
55%
throne
55%
bled
53%
keeping
51%
Or
51%
trying
51%
greed
47%
Praying
45%
No matching quizzes found
Score Distribution
Percent of People with Each Score
Percentile by Number Answered
Your Score History
You have not taken this quiz